000 00253nam a2200097Ia 4500
001 967153
005 20250826220318.0
008 250824s9999 xx 000 0 und d
245 0 _aSERMAYEM YOK DERDİMDEN BAŞKA
_cSERDAR TUNCER
260 _bKETEBE YAYINLARI
999 _c967153
_d967153